000 00677nam a22002177a 4500
008 151019b xxu||||| |||| 00| 0 eng d
020 _a0688123163 :
020 _a9780688123161
041 0 _aeng
080 _a658.8
100 1 _aBlanchard, Kenneth H.
245 1 0 _aRaving fans :
_cKenneth Blanchard, Sheldon M. Bowles ; foreword by Harvey Mackay.
250 _a1st ed.
260 _aNew York :
_bMorrow,
_c1993.
300 _axii, 137 f. ;
_c22 cm.
650 0 _aShërbimet e konsumatorëve
650 0 _aSjellja konsumatore
650 0 _aMarrëdhëniet me publikun
700 1 _aBowles, Sheldon M.
942 _2udc
_cBK
999 _c1316
_d1316